Countries Closest to the Center of the Earth - Statistics

General Stats
  • This quiz has been taken 14 times
    13 since last reset
  • The average score is 14 of 20
Answer Stats
Distance (ft) Country % Correct
-1444 Israel
100%
-1444 Jordan
100%
-505 China
83%
-436 Egypt
83%
-440 Kazakhstan
83%
-92 Russia
83%
-281 United States
83%
-131 Algeria
75%
-154 Libya
75%
-702 Syria
75%
-344 Argentina
67%
-92 Iran
67%
-180 Morocco
67%
-266 Turkmenistan
67%
-509 Djibouti
58%
-410 Ethiopia
58%
-92 Azerbaijan
50%
-246 Eritrea
50%
-112 Peru
50%
-148 Dominican Republic
25%
No matching quizzes found
Score Distribution
Percent of People with Each Score
Percentile by Number Answered
Your Score History
You have not taken this quiz since the last reset